[Event "Olomoucke sachove leto Open Olomouc"]
[Site "Olomouc"]
[Date "2015.08.16"]
[Round "3.8"]
[White "Tengis, Boldbaatar"]
[Black "Schmid, Thomas"]
[Result "0-1"]
[WhiteElo "1598"]
[BlackElo "2114"]
[PlyCount "96"]
[EventDate "2015.08.15"]

1. e4 c5 2. Nf3 d6 3. d4 cxd4 4. Nxd4 Nf6 5. Nc3 a6 6. Be3 e5 7. Nb3 Be6 8. Qd2
Be7 9. O-O-O Ng4 10. g3 Nd7 11. f4 Nxe3 12. Qxe3 Rc8 13. Kb1 Qc7 14. f5 Bc4 15.
g4 b5 16. g5 Bxb3 17. axb3 b4 18. f6 gxf6 19. gxf6 Nxf6 20. Bxa6 bxc3 21. Bxc8
Qxc8 22. bxc3 Qc6 23. Rhe1 Rg8 24. h3 Rg6 25. Kb2 Kf8 26. b4 Nh5 27. Kb3 Nf4
28. Rg1 Bd8 29. Rxg6 hxg6 30. c4 Bb6 31. Qd2 Bc7 32. Re1 Ke7 33. h4 Qd7 34. c3
Qh3 35. Rd1 Qg2 36. Qe3 Qe2 37. Qxe2 Nxe2 38. c5 dxc5 39. bxc5 Ng3 40. c6 Bd6
41. Re1 f5 42. exf5 gxf5 43. Kc4 f4 44. Kd3 Bc7 45. Rd1 Kd6 46. h5 Nxh5 47.
Ke4+ Kxc6 48. Kf3 Nf6 0-1

[Event "Olomoucke sachove leto Open Olomouc"]
[Site "Olomouc"]
[Date "2015.08.16"]
[Round "3.9"]
[White "Navratil-Sen., Jiri"]
[Black "Straka, Vojtech"]
[Result "1-0"]
[WhiteElo "2062"]
[BlackElo "2322"]
[PlyCount "78"]
[EventDate "2015.08.15"]

1. d4 d5 2. Nf3 Nf6 3. Bf4 c5 4. c3 e6 5. e3 Bd6 6. Bg5 h6 7. Bh4 Nbd7 8. Nbd2
O-O 9. Bd3 b6 10. O-O Bb7 11. Qc2 e5 12. dxe5 Nxe5 13. Nxe5 Bxe5 14. Nf3 Bc7
15. Rfe1 Qd6 16. Bg3 Qe7 17. Rad1 Rad8 18. Qa4 a6 19. Qc2 Rfe8 20. Nh4 Bxg3 21.
hxg3 Qc7 22. Nf3 Qc6 23. a3 Ng4 24. Bf5 Nf6 25. Bd3 Qc7 26. Bf5 Ne4 27. Nd2 Ng5
28. Nf3 Nxf3+ 29. gxf3 Qc6 30. e4 Qf6 31. exd5 Rxe1+ 32. Rxe1 Bxd5 33. Re3 a5
34. Be4 Bc4 35. Bd3 Bxd3 36. Rxd3 Rxd3 37. Qxd3 g6 38. Kg2 h5 39. f4 Qc6+ {time
} 1-0

[Event "Olomoucke sachove leto Open Olomouc"]
[Site "Olomouc"]
[Date "2015.08.16"]
[Round "3.10"]
[White "Havelka, Jan"]
[Black "Baasansuren, Erdene"]
[Result "0-1"]
[WhiteElo "2178"]
[BlackElo "1923"]
[PlyCount "94"]
[EventDate "2015.08.15"]

1. d4 Nf6 2. Nf3 g6 3. Bf4 Bg7 4. e3 d6 5. h3 O-O 6. Be2 Nbd7 7. c4 c5 8. Nc3
a6 9. O-O Rb8 10. a4 cxd4 11. exd4 b6 12. Qd3 Bb7 13. Rad1 Qc7 14. d5 Nc5 15.
Qe3 a5 16. Nd4 Rfe8 17. Bf3 Rbc8 18. Ncb5 Qd7 19. b3 Ba8 20. Bg3 Na6 21. Rfe1
Nb4 22. Re2 Bb7 23. Rde1 Ba8 24. Kh1 Kf8 25. Bh4 h5 26. Kh2 Kg8 27. Bg3 Kh7 28.
Bf4 Bxd5 29. cxd5 Nfxd5 30. Bxd5 Nxd5 31. Qf3 Nxf4 32. Qxf4 e5 33. Qd2 exd4 34.
Nxd4 Rxe2 35. Rxe2 Re8 36. Rxe8 Qxe8 37. Nb5 Qe6 38. Qd3 d5 39. g3 Qe5 40. Kg2
f5 41. f3 Qb2+ 42. Kg1 Bf8 43. Kf1 Bc5 44. Qe2 Qb1+ 45. Qe1 Qxb3 46. Nc3 d4 47.
Nb5 Qxf3+ 0-1

[Event "Olomoucke sachove leto Open senioru"]
[Site "Olomouc"]
[Date "2015.08.16"]
[Round "3.1"]
[White "Prachar, Josef"]
[Black "Hermansen, Henning W"]
[Result "1-0"]
[WhiteElo "1899"]
[BlackElo "1989"]
[PlyCount "107"]
[EventDate "2015.08.15"]

1. d4 d5 2. c4 e6 3. Nc3 Nf6 4. cxd5 exd5 5. Bg5 Be7 6. e3 c6 7. Bd3 Nbd7 8.
Qc2 h6 9. Bf4 Qa5 10. Nge2 c5 11. O-O c4 12. Bf5 Nf8 13. Be5 Qd8 14. Bxc8 Rxc8
15. Bxf6 Bxf6 16. Nf4 Ne6 17. Qa4+ Rc6 18. Nfxd5 O-O 19. Nxf6+ Qxf6 20. d5 Ra6
21. Qxc4 Ng5 22. f4 Nh7 23. e4 Qh4 24. Qe2 Rg6 25. e5 f6 26. e6 f5 27. Qf2 Qe7
28. Rad1 Nf6 29. Qf3 Ng4 30. Rd3 Rd8 31. h3 Nf6 32. Qe3 b6 33. Qe5 Ne8 34. Qxf5
Rf6 35. Qe5 Rxe6 36. Qxe6+ Qxe6 37. dxe6 Rxd3 38. f5 Kf8 39. Rd1 Rxd1+ 40. Nxd1
Ke7 41. Kf2 Nd6 42. Ne3 Ne4+ 43. Kf3 Nc5 44. Kg4 g6 45. Nd5+ Kd6 46. e7 gxf5+
47. Kxf5 Kd7 48. Kf6 Ne4+ 49. Kg6 Nd6 50. Ne3 a5 51. Nf5 Nxf5 52. Kxf5 Kxe7 53.
g4 b5 54. Kg6 1-0

[Event "Olomoucke sachove leto Open senioru"]
[Site "Olomouc"]
[Date "2015.08.16"]
[Round "3.2"]
[White "Heppell, Ian"]
[Black "Mikulka, Jan"]
[Result "1/2-1/2"]
[WhiteElo "2092"]
[BlackElo "1833"]
[PlyCount "81"]
[EventDate "2015.08.15"]

1. e4 e5 2. Nf3 Nc6 3. d4 exd4 4. c3 d3 5. Bxd3 d6 6. h3 Be7 7. Bf4 Bf6 8. Nbd2
Nge7 9. Bc2 Ng6 10. Bg3 Be6 11. O-O Qd7 12. Ba4 a6 13. Nd4 Nge7 14. N2f3 O-O
15. Nxe6 Qxe6 16. Re1 Rad8 17. Bb3 Qc8 18. Qe2 Ng6 19. Rad1 Rfe8 20. Nd4 Na5
21. Bc2 Be5 22. Qf3 Bxg3 23. Qxg3 Ne7 24. h4 Nac6 25. h5 h6 26. Nf5 Nxf5 27.
exf5 f6 28. Bb3+ Kh8 29. Be6 Qb8 30. Re3 Re7 31. Rde1 Rde8 32. Bd5 Rxe3 33.
Rxe3 Rxe3 34. Qxe3 Ne5 35. Qe4 c6 36. Be6 d5 37. Qb4 Nd3 38. Qa3 Ne5 39. Qe7
Nd3 40. b3 Kh7 41. Bf7 1/2-1/2

[Event "Olomoucke sachove leto Open senioru"]
[Site "Olomouc"]
[Date "2015.08.16"]
[Round "3.3"]
[White "Zdrazil, Bohumir"]
[Black "Pokora, Lubomir"]
[Result "1-0"]
[WhiteElo "1933"]
[BlackElo "1862"]
[PlyCount "77"]
[EventDate "2015.08.15"]

1. d4 Nf6 2. Nf3 g6 3. c4 Bg7 4. Nc3 d6 5. e4 O-O 6. h3 Nbd7 7. Be3 e5 8. d5
Re8 9. Qc2 a5 10. Be2 Re7 11. Nh2 Nc5 12. Ng4 Ne8 13. Nh6+ Bxh6 14. Bxh6 f6 15.
Be3 Nd7 16. g4 Ng7 17. O-O-O b6 18. h4 Rf7 19. Rdg1 Nf8 20. f4 exf4 21. Bxf4
Nd7 22. Nb5 Ne5 23. Nd4 Bd7 24. g5 fxg5 25. Bxg5 Qf8 26. h5 Kh8 27. hxg6 Nxg6
28. Be3 Nf4 29. Bg4 Bxg4 30. Rxg4 Nfh5 31. Qg2 Re8 32. Ne6 Qe7 33. Bd4 Nf6 34.
Rgh4 Nxe6 35. dxe6 Qxe6 36. b3 c5 37. Bb2 Ree7 38. Qg5 Rf8 39. Rxh7+ 1-0

[Event "Olomoucke sachove leto Open senioru"]
[Site "Olomouc"]
[Date "2015.08.16"]
[Round "3.4"]
[White "Vik, Joergen"]
[Black "Fiala, Jiri"]
[Result "1/2-1/2"]
[WhiteElo "1881"]
[BlackElo "1922"]
[PlyCount "96"]
[EventDate "2015.08.15"]

1. d4 Nf6 2. Nf3 b6 3. c4 e6 4. Nc3 Bb7 5. e3 Bb4 6. Bd2 Bxc3 7. Bxc3 Ne4 8.
Rc1 f5 9. Be2 O-O 10. O-O d6 11. Be1 a5 12. Nd2 Nd7 13. Nxe4 fxe4 14. Qc2 c5
15. Bc3 Qe7 16. dxc5 Nxc5 17. Bd4 Rac8 18. Qd2 e5 19. Bxc5 dxc5 20. Qc2 Rcd8
21. Rcd1 Qf6 22. Rxd8 Rxd8 23. Rd1 g6 24. Rd2 Kg7 25. Qd1 Rxd2 26. Qxd2 Qe7 27.
g3 Kf7 28. Bf1 g5 29. Bg2 Qc7 30. Qe2 h6 31. Qg4 Kg7 32. Bxe4 Bxe4 33. Qxe4 Qd6
34. Kg2 h5 35. Qd5 Qf6 36. f3 Kh6 37. h3 Kg6 38. e4 Kh6 39. Qd7 Kg6 40. Kf2 Kh6
41. Ke2 h4 42. g4 Qf4 43. Qf5 Qh2+ 44. Kd3 Qxb2 45. Qf6+ Kh7 46. Qf7+ Kh8 47.
Qh5+ Kg8 48. Qxg5+ Kf8 1/2-1/2

[Event "Olomoucke sachove leto Open senioru"]
[Site "Olomouc"]
[Date "2015.08.16"]
[Round "3.5"]
[White "Kasparek, Jiri"]
[Black "Young, Mel"]
[Result "1/2-1/2"]
[WhiteElo "1833"]
[BlackElo "1893"]
[PlyCount "59"]
[EventDate "2015.08.15"]

1. e4 c5 2. Nf3 d6 3. h3 Nc6 4. Bc4 e6 5. Nc3 Nf6 6. O-O Be7 7. d4 cxd4 8. Nxd4
O-O 9. Nxc6 bxc6 10. Bd3 e5 11. Bg5 h6 12. Bxf6 Bxf6 13. Ne2 Rb8 14. b3 Be6 15.
Ng3 d5 16. Qe2 d4 17. Nh5 Bg5 18. f4 exf4 19. Nxf4 Qd7 20. Rf3 Rbe8 21. Raf1
Bf5 22. Kh1 Qd6 23. Nh5 Bg6 24. Ng3 Bd8 25. Nf5 Bxf5 26. Rxf5 Bc7 27. g4 Re5
28. Qg2 Rxf5 29. Rxf5 Qa3 30. Qd2 1/2-1/2

[Event "Olomoucke sachove leto GM1"]
[Site "Olomouc"]
[Date "2015.08.19"]
[Round "6.1"]
[White "Repka, Christopher"]
[Black "Zilka, Stepan"]
[Result "0-1"]
[WhiteElo "2450"]
[BlackElo "2508"]
[PlyCount "94"]
[EventDate "2015.??.??"]

1. d4 Nf6 2. Nf3 e6 3. c4 b6 4. Nc3 Bb7 5. Bg5 Be7 6. e3 h6 7. Bh4 Ne4 8. Bg3
Bb4 9. Qc2 Bxc3+ 10. bxc3 d6 11. Bd3 f5 12. d5 exd5 13. Nd4 Qf6 14. cxd5 Bxd5
15. O-O O-O 16. Nxf5 Qxf5 17. f3 Qe6 18. fxe4 Rxf1+ 19. Rxf1 Bc4 20. e5 Bxd3
21. Qxd3 Nc6 22. exd6 cxd6 23. e4 Ne5 24. Bxe5 dxe5 25. c4 Rc8 26. Qd5 Qxd5 27.
cxd5 Rc4 28. Re1 Rc2 29. a3 Rc3 30. Rd1 Kf7 31. Rf1+ Ke7 32. Rf3 Rc4 33. Re3 b5
34. Kf2 a5 35. Rg3 Rxe4 36. Rxg7+ Kd6 37. Rg6+ Kxd5 38. Rxh6 Ra4 39. h4 Rxa3
40. h5 b4 41. Rh8 Ra1 42. g4 b3 43. Rd8+ Ke6 44. Rb8 a4 45. h6 Rh1 46. Rb6+ Ke7
47. Rb7+ Kf6 0-1

[Event "Olomoucke sachove leto GM1"]
[Site "Olomouc"]
[Date "2015.08.19"]
[Round "6.2"]
[White "Marek, Matyas"]
[Black "Simacek, Pavel"]
[Result "1-0"]
[WhiteElo "2344"]
[BlackElo "2461"]
[PlyCount "115"]
[EventDate "2015.??.??"]

1. e4 c5 2. Nf3 Nc6 3. d4 cxd4 4. Nxd4 e5 5. Nb5 a6 6. Nd6+ Bxd6 7. Qxd6 Qe7 8.
Qd1 Nf6 9. Nc3 d6 10. Bg5 Be6 11. Nd5 Bxd5 12. exd5 Nb8 13. Be2 Nbd7 14. c4 h6
15. Be3 Rc8 16. O-O O-O 17. b4 Ne8 18. Rc1 f5 19. f3 Nef6 20. Re1 f4 21. Bf2 e4
22. fxe4 Ne5 23. Bd4 f3 24. Bxf3 Rxc4 25. Rxc4 Nxc4 26. Qb3 b5 27. e5 Nd2 28.
Qc3 Nxf3+ 29. Qxf3 Nd7 30. Qc3 dxe5 31. Bxe5 Qf7 32. Bd4 Qf5 33. d6 Rf7 34. Qe3
Nf6 35. h3 Nd5 36. Qe8+ Kh7 37. Qe4 Qxe4 38. Rxe4 Rd7 39. Bc5 Nf6 40. Re3 Rd8
41. Kf2 Kg6 42. Kf3 h5 43. Re7 Rd7 44. Rxd7 Nxd7 45. Ke4 Nf6+ 46. Ke5 Kf7 47.
Be3 g6 48. Bg5 Nd7+ 49. Kd5 Nb8 50. Kc5 Ke6 51. Kb6 Kd7 52. a3 Kc8 53. Ka7 Nc6+
54. Kxa6 Nd4 55. Be3 Nc2 56. Bc1 Ne1 57. g3 Nd3 58. Be3 1-0

[Event "Olomoucke sachove leto GM1"]
[Site "Olomouc"]
[Date "2015.08.19"]
[Round "6.3"]
[White "Nguyen, Thai Dai Van"]
[Black "Ivanov, Mikhail M"]
[Result "1/2-1/2"]
[WhiteElo "2364"]
[BlackElo "2408"]
[PlyCount "34"]
[EventDate "2015.??.??"]

1. e4 c6 2. d4 d5 3. Nd2 dxe4 4. Nxe4 Nf6 5. Nxf6+ exf6 6. c3 Bd6 7. Bd3 O-O 8.
Qc2 Re8+ 9. Ne2 Kh8 10. O-O Nd7 11. Be3 Nf8 12. Rfe1 Qc7 13. h3 Ng6 14. c4 Be6
15. Nc3 a6 16. Ne4 Bb4 17. Bd2 Bxd2 1/2-1/2

[Event "Olomoucke sachove leto GM1"]
[Site "Olomouc"]
[Date "2015.08.19"]
[Round "6.4"]
[White "Rasik, Vitezslav"]
[Black "Plat, Vojtech"]
[Result "0-1"]
[WhiteElo "2446"]
[BlackElo "2458"]
[PlyCount "136"]
[EventDate "2015.??.??"]

1. e4 d6 2. d4 Nf6 3. Nc3 e5 4. f3 Nbd7 5. Be3 c6 6. Qd2 Be7 7. g4 Qa5 8. O-O-O
b5 9. Kb1 Nb6 10. b3 b4 11. Nce2 c5 12. dxe5 dxe5 13. Ng3 O-O 14. g5 Ne8 15. h4
Nd6 16. h5 Be6 17. g6 Na4 18. bxa4 Qxa4 19. Qh2 Qxa2+ 20. Kc1 Rfd8 21. Rd5 Qa1+
22. Kd2 Qc3+ 23. Ke2 Nc4 24. Bd2 Qxd2+ 25. Rxd2 Rxd2+ 26. Ke1 Rxh2 27. Rxh2 Ne3
28. gxf7+ Kxf7 29. Ba6 Rd8 30. Rd2 Rxd2 31. Kxd2 Bg5 32. N1e2 c4 33. c3 b3 34.
Kc1 Ng2+ 35. Kb2 Ne1 36. Nf5 Nxf3 37. Bxc4 Bxc4 38. Nd6+ Ke6 39. Nxc4 Nd2 40.
Nxd2 Bxd2 41. Kxb3 Kd6 42. Kc4 Kc6 43. Ng1 g5 44. hxg6 hxg6 45. Nh3 Be3 46. Kd3
Bh6 47. Kc4 a5 48. Nf2 Bf8 49. Ng4 Bd6 50. Nf6 a4 51. Ng4 Kd7 52. Nf6+ Ke6 53.
Ng4 g5 54. Kd3 Kf7 55. c4 Ke6 56. Kc3 Bc5 57. Nh6 Kd7 58. Ng4 Kd6 59. Nh6 Kc6
60. Ng4 Bd6 61. Nf2 a3 62. Nd3 g4 63. c5 Bc7 64. Kb3 g3 65. Ne1 Kxc5 66. Nf3 a2
67. Kxa2 Kc4 68. Kb2 Kd3 0-1

[Event "Olomoucke sachove leto GM1"]
[Site "Olomouc"]
[Date "2015.08.19"]
[Round "6.5"]
[White "Ioannidis, Evgenios"]
[Black "Yagupov, Igor"]
[Result "0-1"]
[WhiteElo "2362"]
[BlackElo "2348"]
[PlyCount "62"]
[EventDate "2015.??.??"]

1. e4 c5 2. Nf3 Nc6 3. d4 cxd4 4. Nxd4 Qb6 5. Nb3 Nf6 6. Bd3 e6 7. O-O Be7 8.
Nc3 d6 9. Be3 Qc7 10. f4 a6 11. a4 b6 12. Qe2 O-O 13. Rae1 Nb4 14. Nd2 Bb7 15.
Kh1 Bc6 16. Nf3 e5 17. fxe5 dxe5 18. Bc4 Nxe4 19. Nxe4 Bxe4 20. Bxb6 Bxf3 21.
Bxc7 Bxe2 22. Bxe2 Nxc2 23. Rc1 Nd4 24. Bxe5 Nxe2 25. Rce1 f6 26. Bc7 Rac8 27.
Bb6 Rc2 28. Rf2 Bd8 29. Be3 Re8 30. Rfxe2 Rxe2 31. Rxe2 Bb6 0-1

[Event "Olomoucke sachove leto GM2"]
[Site "Olomouc"]
[Date "2015.08.19"]
[Round "6.1"]
[White "Madan, Augustin"]
[Black "Rydl, Jiri"]
[Result "1/2-1/2"]
[WhiteElo "2296"]
[BlackElo "2419"]
[PlyCount "75"]
[EventDate "2015.??.??"]

1. e4 e6 2. d4 d5 3. exd5 exd5 4. Nf3 Nc6 5. Bb5 Bd6 6. O-O Nge7 7. Ne5 Bxe5 8.
dxe5 a6 9. Bxc6+ Nxc6 10. f4 Bf5 11. g4 Be4 12. Nc3 h5 13. g5 f5 14. exf6 gxf6
15. f5 fxg5 16. f6 Kf7 17. Bxg5 Qd6 18. Nxe4 dxe4 19. Qe2 Qd5 20. Be3 Ne5 21.
Rf5 Qc4 22. Qxc4+ Nxc4 23. Kf2 Ke6 24. Rf4 Nd6 25. c4 Ke5 26. Rd1 c6 27. Ke2
Rad8 28. f7 Rdf8 29. Rf2 Nf5 30. Rd7 Rh7 31. Rxb7 Rhxf7 32. Rb6 Nxe3 33. Rxf7
Rxf7 34. Kxe3 Rf3+ 35. Ke2 Rh3 36. Rxc6 Rxh2+ 37. Ke3 Rh3+ 38. Ke2 1/2-1/2

[Event "Olomoucke sachove leto GM2"]
[Site "Olomouc"]
[Date "2015.08.19"]
[Round "6.3"]
[White "Kourousis, Epaminondas"]
[Black "Camarena Gimenez, Rufino"]
[Result "1/2-1/2"]
[WhiteElo "2421"]
[BlackElo "2378"]
[PlyCount "30"]
[EventDate "2015.??.??"]

1. d4 Nf6 2. c4 g6 3. Nc3 Bg7 4. e4 d6 5. Nf3 O-O 6. h3 e5 7. d5 a5 8. g4 Na6
9. Bg5 c6 10. Nd2 Bd7 11. Qf3 a4 12. a3 Nc5 13. O-O-O h6 14. Be3 Qa5 15. Kb1
Ne8 1/2-1/2

[Event "Olomoucke sachove leto GM2"]
[Site "Olomouc"]
[Date "2015.08.19"]
[Round "6.4"]
[White "Neuman, Petr"]
[Black "Sergeev, Vladimir"]
[Result "1/2-1/2"]
[WhiteElo "2464"]
[BlackElo "2452"]
[PlyCount "34"]
[EventDate "2015.??.??"]

1. d4 Nf6 2. c4 c6 3. Nc3 d5 4. e3 Bg4 5. f3 Bc8 6. Bd3 e6 7. Nge2 Bd6 8. Bd2
b6 9. cxd5 Nxd5 10. Ne4 Be7 11. Rc1 Bb7 12. O-O Nd7 13. Nf2 O-O 14. e4 N5f6 15.
Qc2 h6 16. Rfd1 c5 17. Be3 Rc8 1/2-1/2

[Event "Olomoucke sachove leto GM2"]
[Site "Olomouc"]
[Date "2015.08.19"]
[Round "6.5"]
[White "Teske, Henrik"]
[Black "Cernousek, Lukas"]
[Result "1/2-1/2"]
[WhiteElo "2475"]
[BlackElo "2458"]
[PlyCount "31"]
[EventDate "2015.??.??"]

1. e4 c6 2. d4 d5 3. Nc3 dxe4 4. Nxe4 Bf5 5. Ng3 Bg6 6. Nh3 e6 7. Nf4 Bd6 8. h4
Qc7 9. Nxg6 hxg6 10. Ne4 Bf4 11. Bxf4 Qxf4 12. Qd3 Nf6 13. Nxf6+ Qxf6 14. g3
Nd7 15. f4 Qf5 16. O-O-O 1/2-1/2

[Event "Olomoucke sachove leto IM"]
[Site "Olomouc"]
[Date "2015.08.19"]
[Round "6.1"]
[White "Zhylkaidarova, Sholpan"]
[Black "Soural, Jan"]
[Result "1/2-1/2"]
[WhiteElo "2145"]
[BlackElo "2215"]
[PlyCount "81"]
[EventDate "2015.??.??"]

1. d4 Nf6 2. c4 g6 3. Nc3 Bg7 4. e4 O-O 5. Nf3 d6 6. Be2 Na6 7. O-O e5 8. Re1
Bg4 9. Be3 exd4 10. Nxd4 Bxe2 11. Qxe2 Re8 12. f3 c6 13. Nc2 Qc7 14. Qf2 b6 15.
Red1 Nd7 16. Bd4 Bf8 17. Ne3 Nac5 18. Ng4 Ne6 19. Nf6+ Nxf6 20. Bxf6 Bg7 21.
Bxg7 Nxg7 22. Rd2 Qe7 23. Rad1 Red8 24. Qg3 Nh5 25. Qf2 Rd7 26. b4 Nf6 27. b5
cxb5 28. cxb5 Rc8 29. Ne2 Rc5 30. Nd4 Qe8 31. a4 d5 32. Nb3 Rc3 33. Qd4 Nxe4
34. fxe4 Rxb3 35. exd5 Qe3+ 36. Qxe3 Rxe3 37. Kf2 Re5 38. Kf3 Kg7 39. Kf4 f6
40. g4 Kf8 41. Rd4 1/2-1/2

[Event "Olomoucke sachove leto IM"]
[Site "Olomouc"]
[Date "2015.08.19"]
[Round "6.2"]
[White "Malik, Jan"]
[Black "Jurek, Josef"]
[Result "0-1"]
[WhiteElo "2305"]
[BlackElo "2285"]
[PlyCount "54"]
[EventDate "2015.??.??"]

1. e4 e6 2. d4 d5 3. Nd2 c5 4. c3 cxd4 5. cxd4 Nc6 6. Ngf3 Bb4 7. Bd3 dxe4 8.
Bxe4 Nf6 9. Bxc6+ bxc6 10. Qa4 Qb6 11. O-O Ba6 12. Re1 O-O 13. a3 Be7 14. Ne4
Nxe4 15. Rxe4 Rfd8 16. Re1 Bd3 17. b4 Bc4 18. Qc2 Bd5 19. Ng5 g6 20. Qc3 Kg7
21. Qh3 h5 22. Bf4 a5 23. g4 Rh8 24. Be5+ f6 25. gxh5 Rxh5 26. Nxe6+ Kf7 27.
Qg4 fxe5 0-1

[Event "Olomoucke sachove leto IM"]
[Site "Olomouc"]
[Date "2015.08.19"]
[Round "6.3"]
[White "Bures, Jaroslav"]
[Black "Paszewski, Mateusz"]
[Result "1/2-1/2"]
[WhiteElo "2384"]
[BlackElo "2292"]
[PlyCount "124"]
[EventDate "2015.??.??"]

1. d4 Nf6 2. Nf3 d5 3. c4 c6 4. Qb3 e6 5. Bf4 dxc4 6. Qxc4 b5 7. Qc2 Bb7 8.
Nbd2 Nbd7 9. e3 Rc8 10. Be2 Be7 11. O-O O-O 12. Qb3 a6 13. a4 Nb6 14. axb5 cxb5
15. Ne5 Qd5 16. Bf3 Qxb3 17. Nxb3 Bxf3 18. gxf3 Na4 19. Nd3 Nd5 20. Bg3 Nb4 21.
Nbc1 Nc2 22. Ra2 Nb4 23. Nxb4 Bxb4 24. b3 Nc3 25. Rxa6 Ra8 26. Rb6 Rfc8 27. Rb7
Bf8 28. Kg2 Ra3 29. Bb8 h6 30. Rg1 Ra1 31. Nd3 Ra3 32. Nc1 Ra1 33. Ne2 Rxg1+
34. Nxg1 b4 35. Ba7 Na2 36. Ne2 Rc2 37. Rb8 Rxe2 38. Bc5 Kh7 39. Bxf8 Rb2 40.
Bxb4 Rxb3 41. Bd6 Rxb8 42. Bxb8 Nc3 43. Kf1 Kg8 44. Ke1 Kf8 45. Kd2 Nd5 46. e4
Nb6 47. Kc3 Ke8 48. Kb4 Kd7 49. Ba7 Na8 50. Bc5 h5 51. Bf8 g6 52. Kc5 Nc7 53.
Bg7 Na6+ 54. Kb5 Nc7+ 55. Kb6 Ne8 56. Be5 f6 57. Bb8 Ng7 58. Kc5 Ne8 59. h3 Ng7
60. Bf4 e5 61. Be3 Ne6+ 62. Kd5 exd4 1/2-1/2

[Event "Olomoucke sachove leto IM"]
[Site "Olomouc"]
[Date "2015.08.19"]
[Round "6.4"]
[White "Shevchenko, Kirill"]
[Black "Biolek, Richard"]
[Result "1/2-1/2"]
[WhiteElo "2265"]
[BlackElo "2447"]
[PlyCount "57"]
[EventDate "2015.??.??"]

1. e4 e5 2. Nf3 Nc6 3. Bb5 a6 4. Ba4 Nf6 5. O-O Be7 6. d3 b5 7. Bb3 O-O 8. Nc3
d6 9. a3 Bg4 10. Be3 Rb8 11. h3 Bh5 12. Nd5 Kh8 13. c3 h6 14. Nxf6 Bxf6 15. Bd5
Ne7 16. Ba2 c5 17. b4 Qc7 18. Qe2 Bg6 19. Nd2 Rfc8 20. Rac1 a5 21. bxc5 dxc5
22. f4 exf4 23. Bxf4 Be5 24. Bxe5 Qxe5 25. Bxf7 Rf8 26. Nf3 Qg3 27. Bxg6 Nxg6
28. Qf2 Qd6 29. d4 1/2-1/2

[Event "Olomoucke sachove leto IM"]
[Site "Olomouc"]
[Date "2015.08.19"]
[Round "6.5"]
[White "Kozusek, Daniel"]
[Black "Ovchinnikov, Vsevolod"]
[Result "1/2-1/2"]
[WhiteElo "2347"]
[BlackElo "2224"]
[PlyCount "163"]
[EventDate "2015.??.??"]

1. e4 e6 2. d4 d5 3. Nc3 Bb4 4. Qg4 Nf6 5. Qxg7 Rg8 6. Qh6 Bxc3+ 7. bxc3 dxe4
8. Bg5 Nbd7 9. Ne2 Rg6 10. Qh4 h6 11. Bxh6 Rg4 12. Qh3 b6 13. Qe3 Nd5 14. Qd2
Bb7 15. Ng3 Qh4 16. O-O-O Nxc3 17. Qxc3 Qxh6+ 18. Qe3 Qxe3+ 19. fxe3 Nf6 20. c4
Ke7 21. Ne2 Rh8 22. Nf4 Rgh4 23. h3 Ng4 24. Re1 e5 25. dxe5 Nxe5 26. Be2 Rg8
27. g4 Rd8 28. Rd1 Rhh8 29. Nd5+ Bxd5 30. cxd5 f6 31. Rd4 c5 32. Rxe4 Rxd5 33.
h4 Kf8 34. h5 Kg7 35. Rg1 Nf7 36. Re7 Re5 37. Rxa7 Rhe8 38. Rd1 R8e7 39. Rdd7
Rxd7 40. Rxd7 Kf8 41. Kd2 Re4 42. Rb7 Ra4 43. Rxb6 Rxa2+ 44. Ke1 Ra1+ 45. Kf2
Kg7 46. Rb7 Kf8 47. Rc7 Rc1 48. Kg3 Re1 49. Kf2 Rc1 50. Ba6 Ne5 51. Bc8 Rc2+
52. Kg3 Re2 53. Kf4 Rf2+ 54. Ke4 Nf7 55. Rxc5 Ng5+ 56. Kd3 Ra2 57. Rc7 Ra3+ 58.
Kd4 Ra4+ 59. Rc4 Ra7 60. Bf5 Kg7 61. e4 Re7 62. Rc6 Nf7 63. Ra6 Rb7 64. Kd5 Re7
65. Rb6 Re5+ 66. Kc6 Re7 67. Kb5 Re5+ 68. Ka6 Re7 69. Rc6 Ne5 70. Rc8 Nf7 71.
Kb6 Nh6 72. Rc7 Rxc7 73. Kxc7 Kf8 74. Kd8 Kf7 75. Kd7 Kg7 76. Ke6 Nf7 77. Bg6
Nh6 78. Bf5 Nf7 79. Ke7 Ng5 80. h6+ Kxh6 81. Kxf6 Nxe4+ 82. Bxe4 1/2-1/2

[Event "Olomoucke sachove leto Open Olomouc"]
[Site "Olomouc"]
[Date "2015.08.19"]
[Round "6.1"]
[White "Karlik, Vladimir"]
[Black "Krejci, Jan"]
[Result "1/2-1/2"]
[WhiteElo "2251"]
[BlackElo "2506"]
[PlyCount "85"]
[EventDate "2015.08.15"]

1. d4 Nf6 2. Nf3 e6 3. Bf4 c5 4. e3 Qb6 5. Nc3 a6 6. a3 cxd4 7. exd4 d5 8. Be2
Nc6 9. O-O Be7 10. b4 O-O 11. Qd3 Bd7 12. Rfd1 Rfc8 13. Na4 Qa7 14. Nc5 Nb8 15.
Nxd7 Nbxd7 16. Qb3 Nf8 17. c4 dxc4 18. Bxc4 b5 19. Bd3 Nd5 20. Bd2 Bf6 21. Be1
Nb6 22. Be4 Rab8 23. h4 Qc7 24. g3 Qc4 25. Qb2 Na4 26. Qd2 Nc3 27. Qxc3 Qxc3
28. Bxc3 Rxc3 29. Rdc1 Rbc8 30. Rxc3 Rxc3 31. Bb7 Nd7 32. a4 bxa4 33. Rxa4 Rb3
34. Kg2 g6 35. Bxa6 Nb6 36. Ra5 Rxb4 37. Rb5 Nd5 38. Rxb4 Nxb4 39. Bc4 Kf8 40.
Kf1 Ke7 41. Ke2 Kd6 42. Ng5 Bxg5 43. hxg5 1/2-1/2

[Event "Olomoucke sachove leto Open Olomouc"]
[Site "Olomouc"]
[Date "2015.08.19"]
[Round "6.2"]
[White "Studnicka, Tomas"]
[Black "Zhou, Guijue"]
[Result "1-0"]
[WhiteElo "2383"]
[BlackElo "2207"]
[PlyCount "93"]
[EventDate "2015.08.15"]

1. d4 e6 2. c4 f5 3. g3 Nf6 4. Bg2 c6 5. Nf3 d5 6. O-O Bd6 7. b3 Qe7 8. Bb2 O-O
9. Qc1 b6 10. Ba3 Bb7 11. Bxd6 Qxd6 12. Qa3 Qxa3 13. Nxa3 Nbd7 14. Rfd1 Ne4 15.
Rac1 Rac8 16. Nd2 Nxd2 17. Rxd2 Nf6 18. Rdc2 a6 19. c5 b5 20. Nb1 b4 21. a3 a5
22. Ra2 Ra8 23. Nd2 Ne4 24. Bxe4 fxe4 25. Rca1 bxa3 26. Rxa3 Kf7 27. Rxa5 Rxa5
28. Rxa5 Ra8 29. Rxa8 Bxa8 30. f3 exf3 31. Nxf3 Kf6 32. g4 Bb7 33. Kf2 g6 34.
h4 h5 35. g5+ Kf5 36. Ne5 Ke4 37. e3 Kf5 38. Kf3 Ba8 39. Nf7 e5 40. Nxe5 Bb7
41. Kf2 Ba8 42. Ke2 Bb7 43. Kd2 Ba8 44. Kc3 Bb7 45. Kb4 Ke4 46. Nxg6 Kxe3 47.
Kc3 1-0

[Event "Olomoucke sachove leto Open Olomouc"]
[Site "Olomouc"]
[Date "2015.08.19"]
[Round "6.3"]
[White "Trenner, Rolf"]
[Black "Klima, Lukas"]
[Result "1/2-1/2"]
[WhiteElo "2189"]
[BlackElo "2339"]
[PlyCount "45"]
[EventDate "2015.08.15"]

1. d4 Nf6 2. c4 e6 3. Nc3 c5 4. e3 d5 5. Nf3 Nc6 6. cxd5 exd5 7. Bb5 Bd6 8.
dxc5 Bxc5 9. Ne5 Qd6 10. Nd3 Bb6 11. Nf4 Bg4 12. Qb3 Rd8 13. f3 d4 14. Nce2
dxe3 15. Bxe3 O-O 16. Bxb6 axb6 17. Bxc6 bxc6 18. fxg4 Qd2+ 19. Kf2 Ne4+ 20.
Kf3 Ng5+ 21. Kf2 Ne4+ 22. Kf3 Ng5+ 23. Kf2 1/2-1/2

[Event "Olomoucke sachove leto Open Olomouc"]
[Site "Olomouc"]
[Date "2015.08.19"]
[Round "6.4"]
[White "Schmid, Thomas"]
[Black "Chkhaidze, Nikoloz"]
[Result "0-1"]
[WhiteElo "2114"]
[BlackElo "2225"]
[PlyCount "80"]
[EventDate "2015.08.15"]

1. e4 c6 2. Nc3 d5 3. Nf3 Bg4 4. h3 Bh5 5. exd5 cxd5 6. g4 Bg6 7. h4 f6 8. Bb5+
Nc6 9. h5 Bf7 10. d4 e6 11. Bf4 Bd6 12. Qd2 Nge7 13. O-O-O h6 14. Kb1 Qc7 15.
Bxd6 Qxd6 16. Nh4 e5 17. dxe5 fxe5 18. f4 exf4 19. Rhf1 O-O 20. Qxf4 Qxf4 21.
Rxf4 Be6 22. Rdf1 Rxf4 23. Rxf4 Rf8 24. Rxf8+ Kxf8 25. Be2 Ne5 26. Ng2 Bxg4 27.
Bxg4 Nxg4 28. Nf4 Kf7 29. Ncxd5 Nxd5 30. Nxd5 Ke6 31. Nc7+ Ke5 32. Ne8 g5 33.
hxg6 h5 34. Ng7 Nf6 35. Nxh5 Nxh5 36. b4 Kf6 37. c4 Kxg6 38. c5 Kf6 39. b5 Ke6
40. b6 axb6 0-1

[Event "Olomoucke sachove leto Open Olomouc"]
[Site "Olomouc"]
[Date "2015.08.19"]
[Round "6.5"]
[White "Kratochvil, Vit"]
[Black "Balokas, Dimitrios"]
[Result "1/2-1/2"]
[WhiteElo "2217"]
[BlackElo "2122"]
[PlyCount "63"]
[EventDate "2015.08.15"]

1. e4 c5 2. Nf3 g6 3. d4 cxd4 4. Nxd4 Nc6 5. c4 Bg7 6. Be3 Nf6 7. Nc3 O-O 8.
Be2 d6 9. Qd2 Bd7 10. f3 Nxd4 11. Bxd4 a5 12. O-O Bc6 13. Rac1 Nd7 14. Be3 Nc5
15. Rfd1 Be5 16. Bf1 e6 17. Qf2 Qe7 18. Nb5 Bxb5 19. cxb5 b6 20. b3 f5 21. exf5
Rxf5 22. Bd3 Rf7 23. h4 Raf8 24. Bb1 Qb7 25. Rf1 d5 26. Bh6 Bg7 27. Bxg7 Kxg7
28. Qd4+ Kg8 29. f4 Qe7 30. g3 Qf6 31. Qxf6 Rxf6 32. Rfe1 1/2-1/2